Konštituovanie občianskej spoločnosti v podmienkach právneho štátu

Bibliographic Details
Main Authors: Ďuriač, Matej (Author), Koper, Ján, 1964- (Author)
Format: Article
Language:Slovak
PhysicalDescription:Lit. 2 zázn. v slov.
Subjects:

MARC

LEADER 00000nab a2200000 a 4500
001 vtls000523244
003 SK-MaSNL
005 20260304090224.0
008 250425c1994 xo 0 slo
015 |a SNBRB19rr/mm-uuuuu 
035 |a CL0523382 
035 |a urn:nbn:sk:snk-ab291a 
035 |a (urnnbn)urn:nbn:sk:snk:ar-a01yzq 
035 |a (uuid)2f4f867d-f6ee-4056-b5c7-80e8186681f4 
040 |a SNKBUCL  |b slo  |c SNKBUCL  |e AACR2 
041 0 |a slo 
044 |a xo  |c SK 
080 |a 342:301.15:347.15/.17  |2 1981 
080 |a 301.15:347.15/.17  |2 1981 
100 1 |a Ďuriač, Matej  |4 aut  |9 296784 
245 1 0 |a Konštituovanie občianskej spoločnosti v podmienkach právneho štátu  |c Matej Ďuriač, Ján Koper 
300 |b Lit. 2 zázn. v slov. 
650 0 7 |a právny štát  |2 snkbucl  |9 4416 
650 0 7 |a občianska spoločnosť  |2 snkbucl  |9 4424 
655 7 |a články z novín a časopisov  |2 snkbucl  |9 267496 
700 1 |a Koper, Ján,  |d 1964-  |4 aut  |9 207140 
773 0 |t Právny obzor  |g Roč. 77, č. 3 (1994), s. 237-244 
850 |a Slovenská národná knižnica 
852 |a Slovenská národná knižnica 
954 |a odborná, vedecká literatúra pôvodná (slovenská)  |2 lita 
958 |a article27 
958 |a RK 
958 |a OND 
958 |a EUIPO 
992 |a RBX 
999 |c 2810774  |d 2812704